000
00266nam a22001217a 4500
008
170406b xxu||||| |||| 00| 0 eng d
041
_a
eng
080
_a
575
100
_a
9
101
_a
SHM
245
_a
IMMUNOLOGY AND SEROLOGY
_c
CARPENTER,P,L
942
_2
udc
_c
BK
999
_c
10012
_d
10012